000 01425cam1a220026501 4500
001 qce00038100
005 20190822115255.0
007 sdubmmennmpune
008 770824s1977 nyusgn abe eng
010 _a 77750353 /R
035 _a(Sirsi) r51680
035 _a(QCAT)lss01696664
035 _a(UPRA)qce00038100
040 _dUPRA
245 0 0 _aCome, Josephine in my flying machine
_h[sound recording] :
_binventions and topics in popular songs 1910-1929.
260 _aNew York :
_bNew World Records,
_c1977.
500 _aDurations on labels.
500 _aFeaturing original recordings from the 1910's and 20's.
504 _aProgram notes, in part by C.H. Scheele. "Selected discography," and "Selected bibliography" (6 p.) on and bound in container.
505 0 _aOceana roll -- The girl on the magazine cover -- He'd have to get under, get out and get under -- On the 5:15 -- Hello, Frisco -- Come, Josephine, in my flying machine -- Everybody wants a key to my cellar -- Take your girlie to the movies -- The Argentines, the Portuguese, and the Greeks -- Mr. Radio Man -- Alabamy bound -- All alone -- The little white house -- Lindberg -- Henry's made a lady out of Lizzie -- If I had a talking picture of you.
511 _aVarious performers.
650 0 _aSongs -- United States.
_zSongs -- United States.
_6S6147.1
949 _aM1630.18
_wlcc
_i-65562
_mMAIN
_tBOOK
_lON-SHELF
004 51680
999 _c133814
_d133814